| 000 | 00515nam a22001337a 4500 | ||
|---|---|---|---|
| 040 | _cNUST | ||
| 082 | _a220 PRO | ||
| 100 |
_aGC Muhammad Hamza Arshad GC Muhammad Ibrahim Khan (DMTS) GC Muhammad Noman (DMTS) _996773 |
||
| 110 |
_aPROJECT SUPERVISORS Dr. M. Usman Akram Dr. Mohsin Islam Tiwana Dr. Umer Asgher _996774 |
||
| 245 | _aPR-SOF-2103-Hand Exoskeleton for the Rehabilitation of Post Stroke Patients | ||
| 260 |
_aISLAMABAD: _bNUST COLLEGE OF EME, _c2022. |
||
| 650 |
_aDE-COMP-40 _996496 |
||
| 942 |
_2ddc _cPR |
||
| 999 |
_c590862 _d590862 |
||